000 00565cam a2200229ua 4500
020 _c110.00
041 _aeng
_h
082 _a547
_bCHA/OR
100 _aChatwal, Gurdeep .
245 _aOrganic chemistry of natural products, vol-1,2 /
_cGurdeep chatwal.
_hTextual Documents
250 _a3 /
_b.
260 _aMumbai :
_bHimalaya Publishers ,
_c1994.
300 _a718 ; .
365 _a110.00
500 _a*CSS
504 _a
942 _cBK
999 _c7264
_d7264